000 01155cam a2200229 4500
001 WB4009-07
008 040304n2004 000 0 eng u
035 _a(Sirsi) u125337
245 _aEuropean public procurement
260 _c2004
490 _aRICS Project Management Faculty News
_v 1 March 2004 (1)
520 _aA consultation process has been launched by the Office of Government Commerce to identify the barriers faced by British businesses in accessing the estimated 1 500bn annual European market in public procurement. The consultation will run until early April with the findings and recommendation being presented later this year. Further information about the review and a questionnaire are available at http://www.woodreview.org. RICS Project Management Faculty News http://www.rics.org/ricscms/bin/show?class=News&te mplate=/includes/shownews.html&id=8351&faculty=Pro jectManagement&faculty=AllFaculties.
590 _aWB
590 _aWB
650 _aPUBLIC PROCUREMENT
650 _aEUROPE
650 _aBUSINESSES
650 _aEUROPEAN MARKET
650 _aPROCUREMENT CONTRACTS
690 _aFINANCE
942 _n0
999 _c117077
_d117077